[Event "Russian Blitz Team Championship (w)"]
[Site "Sochi"]
[Date "2022.10.17"]
[Round "11.12"]
[White "Ivanova, Tatiana"]
[Black "Borisova, Ekaterina"]
[Result "1/2-1/2"]
[BlackElo "2134"]
[WhiteElo "2027"]
[LiveChessVersion "1.4.8"]

1. d4 {[%clk 0:03:03]} Nf6 {[%clk 0:03:03]} 2. Nf3 {[%clk 0:03:04]} g6
{[%clk 0:03:04]} 3. Bg5 {[%clk 0:03:04]} Bg7 {[%clk 0:03:05]} 4. Nbd2
{[%clk 0:03:03]} O-O {[%clk 0:03:06]} 5. e4 {[%clk 0:03:03]} d5 {[%clk 0:03:07]}
6. e5 {[%clk 0:03:03]} Ne4 {[%clk 0:03:08]} 7. Nxe4 {[%clk 0:02:59]} dxe4
{[%clk 0:03:08]} 8. Ng1 {[%clk 0:02:47]} c5 {[%clk 0:03:06]} 9. c3
{[%clk 0:02:44]} cxd4 {[%clk 0:03:00]} 10. Qxd4 {[%clk 0:02:36]} Nc6
{[%clk 0:02:41]} 11. Qxe4 {[%clk 0:02:35]} Bf5 {[%clk 0:02:42]} 12. Qa4
{[%clk 0:02:19]} Nxe5 {[%clk 0:02:37]} 13. Rd1 {[%clk 0:02:18]} Qb6
{[%clk 0:02:32]} 14. Qb5 {[%clk 0:02:05]} Qe6 {[%clk 0:02:21]} 15. Be2
{[%clk 0:01:48]} a6 {[%clk 0:02:00]} 16. Qxb7 {[%clk 0:01:39]} Nd3+
{[%clk 0:01:33]} 17. Kf1 {[%clk 0:01:27]} Rab8 {[%clk 0:01:16]} 18. Qxe7
{[%clk 0:01:26]} Nxb2 {[%clk 0:01:16]} 19. Qxe6 {[%clk 0:01:00]} Bxe6
{[%clk 0:01:17]} 20. Rc1 {[%clk 0:00:55]} a5 {[%clk 0:01:15]} 21. a3
{[%clk 0:00:51]} Nc4 {[%clk 0:01:11]} 22. a4 {[%clk 0:00:48]} Rfc8
{[%clk 0:01:04]} 23. Nf3 {[%clk 0:00:46]} Nb2 {[%clk 0:01:04]} 24. Bd2
{[%clk 0:00:30]} Nxa4 {[%clk 0:01:00]} 25. g3 {[%clk 0:00:30]} Nc5
{[%clk 0:00:58]} 26. Kg2 {[%clk 0:00:28]} a4 {[%clk 0:00:59]} 27. Ra1
{[%clk 0:00:26]} Ra8 {[%clk 0:00:56]} 28. Nd4 {[%clk 0:00:27]} Bxd4
{[%clk 0:00:38]} 29. cxd4 {[%clk 0:00:27]} Nb3 {[%clk 0:00:39]} 30. Rad1
{[%clk 0:00:20]} Nxd4 {[%clk 0:00:36]} 31. Bf3 {[%clk 0:00:17]} Nxf3
{[%clk 0:00:33]} 32. Kxf3 {[%clk 0:00:18]} Bd5+ {[%clk 0:00:34]} 33. Kf4
{[%clk 0:00:15]} Bxh1 {[%clk 0:00:34]} 34. Rxh1 {[%clk 0:00:16]} a3
{[%clk 0:00:35]} 35. Ra1 {[%clk 0:00:12]} a2 {[%clk 0:00:35]} 36. Be3
{[%clk 0:00:10]} Rc4+ {[%clk 0:00:35]} 37. Ke5 {[%clk 0:00:06]} Rb4
{[%clk 0:00:35]} 38. Bd4 {[%clk 0:00:06]} Ra5+ {[%clk 0:00:36]} 39. Ke4
{[%clk 0:00:06]} Raa4 {[%clk 0:00:37]} 1/2-1/2